| 000 | 04154nam a22004091 4500 | ||
|---|---|---|---|
| 005 | 20050808122104.0 | ||
| 008 | 721219s1962 nyu 000 0 eng | ||
| 010 | _aB-342134-149 | ||
| 020 |
_a9788178223070 _c225.00 |
||
| 035 | _aB-342134-149 | ||
| 037 | _bNew Age Books | ||
| 040 |
_adpl _bEnglish |
||
| 082 | _a181.41 | ||
| 100 | _aPuri, B.B. | ||
| 245 |
_aThe art of blissful living : _cby B.B. Puri _bspiritual laws of vedic philosophy / |
||
| 260 |
_aNew Delhi _bNew Age Books _c2008 |
||
| 270 |
_aA-45, Naraina Industrial Area, Phase-I _bNew Delhi _e110 028 _mnab@vsnl.in |
||
| 300 |
_a169p.: _c18cm(pbk) _bill. |
||
| 942 |
_2ddc _cEN _h181.41 _mPUR |
||
| 999 |
_c24138 _d24138 |
||